{"text_format":"3","workbook":"xlsx","n_sheets":1,"sheets":["t635"],"read":"whole","date_system":"1900"}

{"sheet":"t635","index":0,"n_rows":164,"n_cols":7,"rows_kept":164,"merged":[[0,0,0,6],[30,0,30,5],[42,0,42,5],[143,0,143,5]]}
["TABELA 635.1 - Estatísticas Agrícolas, Município de Chavantes, Estado de São Paulo, 2007/08."]
["ITEM","UNIDADE","N.DE UPAs","MÍNIMO","MÉDIO","MÁXIMO","TOTAL"]
["Distância à sede do município","km",97,0.2,6.5,16.2,"-"]
["Área total","hectare",97,{"v":2,"d":"2.0"},{"v":159.17,"d":"159.2"},{"v":1518.8,"d":"1,518.8"},{"v":15439.9,"d":"15,439.9"}]
["Área com cultura perene","hectare",8,{"v":2,"d":"2.0"},{"v":9.36,"d":"9.4"},{"v":19,"d":"19.0"},74.9]
["Área com cultura temporária","hectare",78,{"v":1,"d":"1.0"},{"v":149.05,"d":"149.1"},{"v":1190.1,"d":"1,190.1"},{"v":11625.9,"d":"11,625.9"}]
["Área com pastagem","hectare",64,0.5,{"v":37.69,"d":"37.7"},308.9,{"v":2412.2,"d":"2,412.2"}]
["Área com reflorestamento","hectare",4,{"v":1,"d":"1.0"},5.3,9.2,21.2]
["Área com vegetação natural","hectare",44,0.2,14.5,96.8,637.8]
["Área com vegetação de brejo e várzea","hectare",54,0.2,{"v":4.92,"d":"4.9"},43.6,265.6]
["Área em descanso","hectare",7,0.5,4.4,{"v":10,"d":"10.0"},30.8]
["Área complementar","hectare",77,0.2,{"v":4.82,"d":"4.8"},64.4,371.5]
["Área das UPAs com (0, 1] ha","hectare","-","-","-","-","-"]
["Área das UPAs com (1, 2] ha","hectare",1,{"v":2,"d":"2.0"},{"v":2,"d":"2.0"},{"v":2,"d":"2.0"},{"v":2,"d":"2.0"}]
["Área das UPAs com (2, 5] ha","hectare",7,2.4,{"v":3.36,"d":"3.4"},4.9,23.5]
["Área das UPAs com (5, 10] ha","hectare",4,7.2,7.8,9.6,31.2]
["Área das UPAs com (10, 20] ha","hectare",15,{"v":11,"d":"11.0"},{"v":15.03,"d":"15.0"},19.3,225.5]
["Área das UPAs com (20, 50] ha","hectare",19,21.6,{"v":31.45,"d":"31.5"},48.4,597.5]
["Área das UPAs com (50, 100] ha","hectare",11,51.3,{"v":72.15,"d":"72.2"},96.8,793.6]
["Área das UPAs com (100, 200] ha","hectare",15,102.9,150.8,199.6,{"v":2262,"d":"2,262.0"}]
["Área das UPAs com (200, 500] ha","hectare",16,203.2,{"v":274.98,"d":"275.0"},452.2,{"v":4399.7,"d":"4,399.7"}]
["Área das UPAs com (500, 1.000] ha","hectare",7,501.3,{"v":653.93,"d":"653.9"},919.6,{"v":4577.5,"d":"4,577.5"}]
["Área das UPAs com (1.000, 2.000] ha","hectare",2,{"v":1008.6,"d":"1,008.6"},{"v":1263.7,"d":"1,263.7"},{"v":1518.8,"d":"1,518.8"},{"v":2527.4,"d":"2,527.4"}]
["Área das UPAs com (2.000, 5.000] ha","hectare","-","-","-","-","-"]
["Área das UPAs com (5.000, 10.000] ha","hectare","-","-","-","-","-"]
["Área das UPAs acima de 10.000 ha","hectare","-","-","-","-","-"]
["Familiares do proprietário que trabalham na UPA","unidade",20,{"v":1,"d":"1.0"},1.7,{"v":4,"d":"4.0"},{"v":34,"d":"34.0"}]
["Trabalhadores permanentes","unidade",53,{"v":1,"d":"1.0"},{"v":5.23,"d":"5.2"},{"v":68,"d":"68.0"},{"v":277,"d":"277.0"}]
["Fonte: Secretaria de Agricultura e Abastecimento, CDRS/IEA, Projeto LUPA."]
[]
["TABELA 635.2 - Explorações Animais, Município de Chavantes, Estado de São Paulo, 2007/08."]
["ITEM","UNIDADE","N.DE UPAs","MÍNIMO","MÉDIO","MÁXIMO","TOTAL"]
["Asininos E Muares","cabeças",5,{"v":2,"d":"2.0"},6.6,{"v":12,"d":"12.0"},{"v":33,"d":"33.0"}]
["Bovinocultura de Corte","cabeças",15,{"v":6,"d":"6.0"},{"v":101.33,"d":"101.3"},{"v":380,"d":"380.0"},{"v":1520,"d":"1,520.0"}]
["Bovinocultura Leiteira","cabeças",13,{"v":2,"d":"2.0"},{"v":49.85,"d":"49.9"},{"v":306,"d":"306.0"},{"v":648,"d":"648.0"}]
["Bovinocultura Mista","cabeças",12,{"v":3,"d":"3.0"},{"v":69.83,"d":"69.8"},{"v":300,"d":"300.0"},{"v":838,"d":"838.0"}]
["Bubalinocultura","cabeças",1,{"v":7,"d":"7.0"},{"v":7,"d":"7.0"},{"v":7,"d":"7.0"},{"v":7,"d":"7.0"}]
["Equinocultura","cabeças",22,{"v":1,"d":"1.0"},{"v":6.41,"d":"6.4"},{"v":54,"d":"54.0"},{"v":141,"d":"141.0"}]
["Ovinocultura","cabeças",2,{"v":87,"d":"87.0"},{"v":87,"d":"87.0"},{"v":87,"d":"87.0"},{"v":174,"d":"174.0"}]
["Suinocultura","cabeças",2,{"v":3,"d":"3.0"},4.5,{"v":6,"d":"6.0"},{"v":9,"d":"9.0"}]
["Fonte: Secretaria de Agricultura e Abastecimento, CDRS/IEA, Projeto LUPA."]
[]
["TABELA 635.3 -  Máquinas, Implementos e Benfeitorias, Município de Chavantes, Estado de São Paulo, 2007/08."]
["ITEM","UNIDADE","N.DE UPAs","MÍNIMO","MÉDIO","MÁXIMO","TOTAL"]
["Arado Comum (Bacia, Aiveca)","Unidade",16,{"v":1,"d":"1.0"},{"v":1.88,"d":"1.9"},{"v":11,"d":"11.0"},{"v":30,"d":"30.0"}]
["Arado Escarificador","Unidade",3,{"v":1,"d":"1.0"},{"v":1.67,"d":"1.7"},{"v":2,"d":"2.0"},{"v":5,"d":"5.0"}]
["Arado Subsolador","Unidade",6,{"v":1,"d":"1.0"},1.5,{"v":2,"d":"2.0"},{"v":9,"d":"9.0"}]
["Câmara Fria","Unidade",1,{"v":1,"d":"1.0"},{"v":1,"d":"1.0"},{"v":1,"d":"1.0"},{"v":1,"d":"1.0"}]
["Carregadeira de Cana","Unidade",3,{"v":1,"d":"1.0"},{"v":4.33,"d":"4.3"},{"v":11,"d":"11.0"},{"v":13,"d":"13.0"}]
["Colhedeira Acoplada","Unidade",2,{"v":1,"d":"1.0"},{"v":1,"d":"1.0"},{"v":1,"d":"1.0"},{"v":2,"d":"2.0"}]
["Colhedeira Automotriz","Unidade",2,{"v":1,"d":"1.0"},1.5,{"v":2,"d":"2.0"},{"v":3,"d":"3.0"}]
["Computador","Unidade",3,{"v":1,"d":"1.0"},{"v":1,"d":"1.0"},{"v":1,"d":"1.0"},{"v":3,"d":"3.0"}]
["Conj.Irrigação Convencional","Unidade",1,{"v":1,"d":"1.0"},{"v":1,"d":"1.0"},{"v":1,"d":"1.0"},{"v":1,"d":"1.0"}]
["Conj.Irrigação/Gotejamento/Microaspersão","Unidade",1,{"v":1,"d":"1.0"},{"v":1,"d":"1.0"},{"v":1,"d":"1.0"},{"v":1,"d":"1.0"}]
["Conjunto de Fenação","Unidade",2,{"v":1,"d":"1.0"},{"v":1,"d":"1.0"},{"v":1,"d":"1.0"},{"v":2,"d":"2.0"}]
["Desintegrador de Palha (Plantio Direto)","Unidade",3,{"v":1,"d":"1.0"},{"v":1,"d":"1.0"},{"v":1,"d":"1.0"},{"v":3,"d":"3.0"}]
["Desintegrador, Picador, Triturador","Unidade",4,{"v":1,"d":"1.0"},1.5,{"v":3,"d":"3.0"},{"v":6,"d":"6.0"}]
["Distribuidor de Calcário","Unidade",6,{"v":1,"d":"1.0"},{"v":1.33,"d":"1.3"},{"v":2,"d":"2.0"},{"v":8,"d":"8.0"}]
["Ensiladeira","Unidade",3,{"v":1,"d":"1.0"},{"v":1.33,"d":"1.3"},{"v":2,"d":"2.0"},{"v":4,"d":"4.0"}]
["Grade Aradora (Tipo Romi)","Unidade",13,{"v":1,"d":"1.0"},{"v":2.46,"d":"2.5"},{"v":8,"d":"8.0"},{"v":32,"d":"32.0"}]
["Grade Niveladora","Unidade",7,{"v":1,"d":"1.0"},{"v":1.57,"d":"1.6"},{"v":3,"d":"3.0"},{"v":11,"d":"11.0"}]
["Implementos para Tração Animal","Unidade",3,{"v":3,"d":"3.0"},{"v":3.33,"d":"3.3"},{"v":4,"d":"4.0"},{"v":10,"d":"10.0"}]
["Misturador de Ração","Unidade",3,{"v":1,"d":"1.0"},{"v":1,"d":"1.0"},{"v":1,"d":"1.0"},{"v":3,"d":"3.0"}]
["Pulverizador Tratorizado","Unidade",13,{"v":1,"d":"1.0"},{"v":1.46,"d":"1.5"},{"v":3,"d":"3.0"},{"v":19,"d":"19.0"}]
["Resfriador de Leite, Tanque Expansão","Unidade",1,{"v":1,"d":"1.0"},{"v":1,"d":"1.0"},{"v":1,"d":"1.0"},{"v":1,"d":"1.0"}]
["Roçadeira Costal","Unidade",3,{"v":1,"d":"1.0"},{"v":1.33,"d":"1.3"},{"v":2,"d":"2.0"},{"v":4,"d":"4.0"}]
["Roçadeira Tratorizada","Unidade",3,{"v":1,"d":"1.0"},{"v":1,"d":"1.0"},{"v":1,"d":"1.0"},{"v":3,"d":"3.0"}]
["Semeadeira/Adubadeira para Plantio Convencional","Unidade",5,{"v":1,"d":"1.0"},1.6,{"v":2,"d":"2.0"},{"v":8,"d":"8.0"}]
["Semeadeira/Plantadeira Plantio Direto","Unidade",3,{"v":1,"d":"1.0"},{"v":1.33,"d":"1.3"},{"v":2,"d":"2.0"},{"v":4,"d":"4.0"}]
["Terraceador","Unidade",5,{"v":1,"d":"1.0"},{"v":1,"d":"1.0"},{"v":1,"d":"1.0"},{"v":5,"d":"5.0"}]
["Trator de Pneus","Unidade",31,{"v":1,"d":"1.0"},{"v":2.42,"d":"2.4"},{"v":8,"d":"8.0"},{"v":75,"d":"75.0"}]
["Açude/Represa","Unidade",16,{"v":1,"d":"1.0"},{"v":1.44,"d":"1.4"},{"v":4,"d":"4.0"},{"v":23,"d":"23.0"}]
["Almoxarifado/Oficina","Unidade",4,{"v":1,"d":"1.0"},{"v":1,"d":"1.0"},{"v":1,"d":"1.0"},{"v":4,"d":"4.0"}]
["Armazém para Grãos Ensacados","Sacas",3,{"v":1,"d":"1.0"},{"v":2,"d":"2.0"},{"v":4,"d":"4.0"},{"v":6,"d":"6.0"}]
["Balança para Bovinos","Unidade",4,{"v":1,"d":"1.0"},{"v":1,"d":"1.0"},{"v":1,"d":"1.0"},{"v":4,"d":"4.0"}]
["Balança para Veículos","Unidade",2,{"v":1,"d":"1.0"},{"v":1,"d":"1.0"},{"v":1,"d":"1.0"},{"v":2,"d":"2.0"}]
["Barracão para Cultivo de Cogumelo","Unidade",1,{"v":1,"d":"1.0"},{"v":1,"d":"1.0"},{"v":1,"d":"1.0"},{"v":1,"d":"1.0"}]
["Barracão para Granja/Avicultura","Unidade",3,{"v":1,"d":"1.0"},{"v":1,"d":"1.0"},{"v":1,"d":"1.0"},{"v":3,"d":"3.0"}]
["Barracão/Galpão/Garagem","Unidade",30,{"v":1,"d":"1.0"},{"v":1.13,"d":"1.1"},{"v":2,"d":"2.0"},{"v":34,"d":"34.0"}]
["Casa de Moradia Habitada","Unidade",53,{"v":1,"d":"1.0"},{"v":1.81,"d":"1.8"},{"v":8,"d":"8.0"},{"v":96,"d":"96.0"}]
["Casa de Moradia Total","Unidade",61,{"v":1,"d":"1.0"},{"v":9.25,"d":"9.3"},{"v":70,"d":"70.0"},{"v":564,"d":"564.0"}]
["Curral/Mangueira","Unidade",38,{"v":1,"d":"1.0"},{"v":1.24,"d":"1.2"},{"v":3,"d":"3.0"},{"v":47,"d":"47.0"}]
["Depósito/Tulha","Unidade",29,{"v":1,"d":"1.0"},{"v":1.28,"d":"1.3"},{"v":3,"d":"3.0"},{"v":37,"d":"37.0"}]
["Estábulo","Unidade",7,{"v":1,"d":"1.0"},{"v":1,"d":"1.0"},{"v":1,"d":"1.0"},{"v":7,"d":"7.0"}]
["Instalações para Equinos","Unidade",3,{"v":1,"d":"1.0"},{"v":1,"d":"1.0"},{"v":1,"d":"1.0"},{"v":3,"d":"3.0"}]
["Máquina de Benefício","Unidade",4,{"v":1,"d":"1.0"},{"v":1,"d":"1.0"},{"v":1,"d":"1.0"},{"v":4,"d":"4.0"}]
["Pocilga","Unidade",3,{"v":1,"d":"1.0"},{"v":2.67,"d":"2.7"},{"v":6,"d":"6.0"},{"v":8,"d":"8.0"}]
["Poço Semi-Artesiano","Unidade",5,{"v":1,"d":"1.0"},{"v":1,"d":"1.0"},{"v":1,"d":"1.0"},{"v":5,"d":"5.0"}]
["Secador de Grãos","Unidade",3,{"v":1,"d":"1.0"},{"v":1,"d":"1.0"},{"v":1,"d":"1.0"},{"v":3,"d":"3.0"}]
["Silo para Grãos","t",1,{"v":4,"d":"4.0"},{"v":4,"d":"4.0"},{"v":4,"d":"4.0"},{"v":4,"d":"4.0"}]
["Terreiro","m²",18,{"v":1,"d":"1.0"},{"v":223.56,"d":"223.6"},{"v":3600,"d":"3,600.0"},{"v":4024,"d":"4,024.0"}]
["Usina de Açúcar/destilaria","Unidade",1,{"v":1,"d":"1.0"},{"v":1,"d":"1.0"},{"v":1,"d":"1.0"},{"v":1,"d":"1.0"}]
["Fonte: Secretaria de Agricultura e Abastecimento, CDRS/IEA, Projeto LUPA."]
[]
["TABELA 635.4 - Outras Estatísticas Agrícolas, Município de Chavantes, Estado de São Paulo, 2007/08."]
["ITEM","Número de UPAs",null,"Percentual"]
["Faz Parte de Associação de Produtores",54,null,{"v":55.670103092783506,"d":"55.7"}]
["Faz Parte de Cooperativa de Produtores",44,null,{"v":45.36082474226804,"d":"45.4"}]
["Faz Parte do Sindicato de Produtores",43,null,{"v":44.329896907216494,"d":"44.3"}]
["Não utiliza assistência técnica ",23,null,{"v":23.711340206185568,"d":"23.7"}]
["Utiliza somente assistência técnica governamental ",38,null,{"v":39.175257731958766,"d":"39.2"}]
["Utiliza somente assistência técnica privada ",15,null,{"v":15.463917525773196,"d":"15.5"}]
["Utiliza assistência técnica tanto governamental quanto privada",21,null,{"v":21.649484536082475,"d":"21.6"}]
["Utiliza Crédito Rural",37,null,{"v":38.144329896907216,"d":"38.1"}]
["Utiliza Seguro Rural",27,null,{"v":27.835051546391753,"d":"27.8"}]
["Utiliza Escrituração Agrícola",72,null,{"v":74.22680412371135,"d":"74.2"}]
["Acessa Internet p/ Fins na Agropecuária",25,null,{"v":25.77319587628866,"d":"25.8"}]
["Utiliza Computador nas Atividades Agropecuárias",30,null,{"v":30.927835051546392,"d":"30.9"}]
["Utiliza Energia Elétrica Para Uso na Atividade Agrícola",80,null,{"v":82.4742268041237,"d":"82.5"}]
["Realiza Análise de Solo, quando necessário",66,null,{"v":68.04123711340206,"d":"68.0"}]
["Utiliza Práticas de Conservação de Solo, quando necessário",70,null,{"v":72.16494845360825,"d":"72.2"}]
["Faz Adubação Mineral, quando necessário",41,null,{"v":42.2680412371134,"d":"42.3"}]
["Faz Adubação Orgânica, quando necessário",38,null,{"v":39.17525773195876,"d":"39.2"}]
["Faz Adubação Verde, quando necessário",21,null,{"v":21.649484536082475,"d":"21.6"}]
["Utiliza Manejo Integrado de Pragas (MIP)",1,null,{"v":1.0309278350515465,"d":"1.0"}]
["Utiliza Hidroponia","-",null,"-"]
["Utiliza Plasticultura","-",null,"-"]
["Utiliza Mudas Fiscalizadas",42,null,{"v":43.29896907216495,"d":"43.3"}]
["Utiliza Semente Melhorada",14,null,{"v":14.43298969072165,"d":"14.4"}]
["Faz Confinamento de Bovinos",1,null,{"v":1.0309278350515465,"d":"1.0"}]
["Utiliza Pastejo Intensivo",8,null,{"v":8.24742268041237,"d":"8.2"}]
["Faz Inseminação Artificial","-",null,"-"]
["Faz Mineralização do Rebanho",30,null,{"v":30.927835051546392,"d":"30.9"}]
["Faz Vermifugação do Rebanho",31,null,{"v":31.95876288659794,"d":"32.0"}]
["Possui Parceiros /Arrendatários na Exploração Animal",3,null,{"v":3.0927835051546393,"d":"3.1"}]
["Esporte e lazer",1,null,{"v":1.0309278350515465,"d":"1.0"}]
["Extração mineral","-",null,"-"]
["Hotel Fazenda, Pousada ou SPA","-",null,"-"]
["Pesque-pague","-",null,"-"]
["Restaurante ou Lanchonete","-",null,"-"]
["Transformação artesanal","-",null,"-"]
["Turismo rural ou ecoturismo","-",null,"-"]
["Outras atividades econômicas rurais","-",null,"-"]
["Agroindústria","-",null,"-"]
["Proprietário sem instrução ou com instrução incompleta",3,null,{"v":3.0927835051546393,"d":"3.1"}]
["Proprietário com antigo primário completo",11,null,{"v":11.34020618556701,"d":"11.3"}]
["Proprietário com 1° grau (ou antigo ginasial) completo",13,null,{"v":13.402061855670103,"d":"13.4"}]
["Proprietário com 2° grau (ou antigo colegial) completo",25,null,{"v":25.77319587628866,"d":"25.8"}]
["Proprietário com curso superior completo ",43,null,{"v":44.329896907216494,"d":"44.3"}]
["Pessoa Jurídica",2,null,{"v":2.061855670103093,"d":"2.1"}]
["Proprietário residente na própria UPA ",17,null,{"v":17.525773195876287,"d":"17.5"}]
["Fonte: Secretaria de Agricultura e Abastecimento, CDRS/IEA, Projeto LUPA."]
[]
["TABELA 635.5 - Área Cultivada, Município de Chavantes, Estado de São Paulo, 2007/08."]
["CULTURA","N.DE UPAs","MÍNIMO","MÉDIO","MÁXIMO","TOTAL"]
["Cana-de-acucar",71,2.4,{"v":157.93,"d":"157.9"},{"v":1190.1,"d":"1,190.1"},{"v":11213.1,"d":"11,213.1"}]
["Braquiaria",54,0.5,{"v":28.04,"d":"28.0"},232.5,{"v":1514.2,"d":"1,514.2"}]
["Capim-jaragua",6,{"v":21,"d":"21.0"},{"v":133.38,"d":"133.4"},308.9,800.3]
["Soja",2,12.6,171.7,330.8,343.4]
["Mandioca",2,0.5,{"v":46.85,"d":"46.9"},93.2,93.7]
["Coloniao",4,2.5,22.6,56.7,90.4]
["Cafe",5,2.2,{"v":10.18,"d":"10.2"},{"v":19,"d":"19.0"},50.9]
["Milho",4,{"v":1,"d":"1.0"},11.8,20.8,47.2]
["Seringueira",2,{"v":4,"d":"4.0"},{"v":11,"d":"11.0"},{"v":18,"d":"18.0"},{"v":22,"d":"22.0"}]
["Eucalipto",4,{"v":1,"d":"1.0"},5.3,9.2,21.2]
["Gramas",1,7.3,7.3,7.3,7.3]
["Pupunha",1,{"v":4,"d":"4.0"},{"v":4,"d":"4.0"},{"v":4,"d":"4.0"},{"v":4,"d":"4.0"}]
["Pomar domestico",1,{"v":2,"d":"2.0"},{"v":2,"d":"2.0"},{"v":2,"d":"2.0"},{"v":2,"d":"2.0"}]
["Horta domestica",1,{"v":1,"d":"1.0"},{"v":1,"d":"1.0"},{"v":1,"d":"1.0"},{"v":1,"d":"1.0"}]
["Alface",1,{"v":1,"d":"1.0"},{"v":1,"d":"1.0"},{"v":1,"d":"1.0"},{"v":1,"d":"1.0"}]
["Chuchu",1,0.5,0.5,0.5,0.5]
["Repolho",1,0.5,0.5,0.5,0.5]
["Abobora (ou jerimum)",1,0.5,0.5,0.5,0.5]
["Fonte: Secretaria de Agricultura e Abastecimento, CDRS/IEA, Projeto LUPA."]